Baby Names: Girls (1970s) Quiz Stats

 Plays Quiz Updated Aug 22, 2012

Challenge
Share
Tweet
Embed
Score 0/100 Timer 10:00
1 Play Today
Rank Name % Correct
15Mary
86.8%
100Ann
84.3%
12Elizabeth
82.6%
1Jennifer
81.7%
50Sara
78.1%
19Sarah
75.6%
73Catherine
74.1%
55Katherine
73.8%
11Jessica
72.9%
20Laura
72.4%
87Anna
71.6%
27Susan
70.6%
6Lisa
69.1%
33Rachel
67.3%
4Michelle
66.6%
66Emily
66.1%
2Amy
66%
22Christine
65.1%
18Julie
64.9%
35Maria
64.8%
13Rebecca
63.8%
16Christina
63.3%
17Amanda
63.3%
3Melissa
61.7%
30Patricia
61.5%
67Linda
61.5%
9Stephanie
59.7%
25Karen
59.4%
14Kelly
57.9%
10Nicole
56.7%
76Barbara
56%
8Heather
55%
5Kimberly
54.6%
95Allison
53.2%
Rank Name % Correct
61Deborah
52.9%
78Nancy
52.4%
64Donna
51.8%
97Diana
51.4%
89Megan
51.3%
7Angela
50.3%
46Danielle
47.9%
28Andrea
47.7%
44Sandra
47.7%
63Sharon
46.9%
39Erin
46.4%
74Kristin
46.3%
80Theresa
45.6%
69Kathleen
44.8%
91Kathryn
44.5%
72Kristen
44.4%
98Paula
43.6%
48Pamela
43.5%
36Wendy
43.4%
60Brenda
43.3%
29Tina
42.9%
93Debra
42.7%
24Tracy
42.6%
54Jill
42%
41Carrie
42%
45Monica
41.4%
52Teresa
41.3%
32Lori
41.2%
85Jacqueline
41.1%
31Cynthia
41.1%
59Erica
40.7%
56Melanie
40.5%
65Amber
40.3%
38Stacy
39.6%
Rank Name % Correct
53Denise
38.5%
21Shannon
38.2%
42Tiffany
38%
58Holly
37.9%
79Cheryl
37.7%
40Jamie
37.2%
83Veronica
36.5%
23Tammy
36.2%
82Alicia
36.1%
96Valerie
35.1%
26Dawn
34.8%
57Dana
34.7%
47Stacey
34.6%
84Gina
34.5%
43Tara
33.3%
70Leslie
32.8%
37Crystal
32.6%
51Michele
32.3%
94Sherry
31.3%
99Kristina
31.3%
34April
30.8%
92Melinda
30.4%
68Robin
28.9%
62Tanya
28.6%
86Rhonda
28.3%
71Christy
28.3%
88Renee
27.4%
77Heidi
27%
90Tamara
26.9%
49Tonya
25.9%
81Brandy
24.5%
75Misty
21.3%

You're not logged in!

Compare scores with friends on all Sporcle quizzes.
Join for Free
OR
Log In

You Might Also Like...

Show Comments

Extras

Top Quizzes Today


Score Distribution

Your Account Isn't Verified!

In order to create a playlist on Sporcle, you need to verify the email address you used during registration. Go to your Sporcle Settings to finish the process.

Report this User

Report this user for behavior that violates our Community Guidelines.

Details: